WW2 Battles – Sudden Death - Statistics

General Stats
  • This quiz has been taken 455 times
  • The average score is 5 of 15
Answers on the Grid
Answers color-coded by a green-red scale on the quiz's grid according to % correct below.
Alamo
Arbela
Breitenfeld
Cer
Coral Sea
D-Day
Desert Storm
El Alamein
Falkland Islands
Gazala
Isefjord
Ko Chang
Liège
Longstop Hill
Marathon
Midway
Old Baldy
Operation Krohcol
Operation Retribution
Operation Torch
Operation Vulcan
Sarikamish
Stalingrad
Thanh Hóa Bridge
Thermopylae
Timor
Vimy Ridge
Waterloo
West Hubei
Zama
 
Answer Stats
Answer % Correct
D-Day
95%
El Alamein
70%
Midway
66%
Stalingrad
64%
Coral Sea
58%
Operation Torch
51%
Operation Vulcan
21%
Timor
17%
Operation Retribution
15%
Gazala
13%
Operation Krohcol
13%
Ko Chang
11%
Isefjord
8%
West Hubei
7%
Longstop Hill
6%
No matching quizzes found
Score Distribution
Percent of People with Each Score
Percentile by Number Answered
Your Score History
You have not taken this quiz